00589nam a22002057a 450000500170000001000110001702000100002803500110003803700160004904000120006508200160007710000170009324500670011026000470017727000400022430000280026450000500029265000250034265000160036720170124110126.0 a166245 c00.00 a166245 bCen Lib/Ret aDPLbEN a954.01bGOR aGordon, D.H. aThe pre-historic background of Indian culture /cby D.H.Gordon bBhulabhai Memorial InstituteaBombayc1958 bBombaya89 Bhulabhai Desai Roade26 a199p. :c24cm(Hb)bill. aIncludes bibliographical references and index aIndia -- Antiquities aAntiquities